Aspects of income distribustion in Greece (Record no. 690537)

MARC details
000 -LEADER
fixed length control field 00894nam a2200265Ia 4500
003 - CONTROL NUMBER IDENTIFIER
control field OSt
005 - DATE AND TIME OF LATEST TRANSACTION
control field 20220927105050.0
008 - FIXED-LENGTH DATA ELEMENTS--GENERAL INFORMATION
fixed length control field 220926b |||||||| |||| 00| 0 eng d
037 ## - SOURCE OF ACQUISITION
Terms of availability Reference Collections
040 ## - CATALOGING SOURCE
Original cataloging agency RTL
Transcribing agency RTL
Language of cataloging eng
041 ## - LANGUAGE CODE
Source of code eng
Language code of text/sound track or separate title eng
100 ## - MAIN ENTRY--PERSONAL NAME
Personal name Lianos Theodore P.
9 (RLIN) 369991
110 ## - MAIN ENTRY--CORPORATE NAME
Corporate name or jurisdiction name as entry element Center of planning and economic research
9 (RLIN) 369992
245 #0 - TITLE STATEMENT
Title Aspects of income distribustion in Greece
260 ## - PUBLICATION, DISTRIBUTION, ETC.
Place of publication, distribution, etc. Athens
Name of publisher, distributor, etc. Center of planning and economic research Greece
Date of publication, distribution, etc. 1974
300 ## - PHYSICAL DESCRIPTION
Extent 120p
Dimensions cm.
700 ## - ADDED ENTRY--PERSONAL NAME
Personal name Prodromidis Kyprianos P.
9 (RLIN) 369993
700 ## - ADDED ENTRY--PERSONAL NAME
Personal name Center of planning and economic research
9 (RLIN) 369994
942 ## - ADDED ENTRY ELEMENTS (KOHA)
Classification part "X:3.51.N7, L4"
Koha item type
Holdings
Withdrawn status Lost status Damaged status Not for loan Home library Current library Date acquired Total Checkouts Full call number Barcode Date last seen Price effective from Koha item type
        Ratan Tata Library Ratan Tata Library 2022-09-27   "X:3.51.N7 L4" RT0568601 2022-09-27 2022-09-27  
Copyright @ Delhi University Library System